Claves para el siglo XXI

שמור ב:
מידע ביבליוגרפי
מחבר ראשי: Bindé, Jérome (Author)
פורמט: ספר
שפה:ספרדית
יצא לאור: Barcelona Crítica 2002
Barcelona Unesco 2002
נושאים:
תגים: הוספת תג
אין תגיות, היה/י הראשונ/ה לתייג את הרשומה!

MARC

LEADER 00000nam a2200000 a 4500
001 UCL1613
003 CL-VaPUC
008 030911e20020000sp |||||||||||||||||spa|d
020 |a 8484323684 
082 0 4 |a 303.49  |b BIN  |2 21 
100 |a Bindé, Jérome  |e author  |9 520140 
245 1 0 |a Claves para el siglo XXI 
300 |a 503 p 
942 |c BK 
945 |d 20030911 00:00:00  |a cmena 
260 |a Barcelona  |b Crítica  |c 2002 
260 |a Barcelona  |b Unesco  |c 2002 
650 7 |a FUTUROLOGIA  |2 CL-VaPUC  |9 328866 
650 0 |a Cambio social   |9 256857 
650 0 |a Globalización  |9 361930 
583 |a last modification  |c 20171010 09:07:38  |k Rodrigo Vera 
999 |c 305109  |d 305107 
952 |0 0  |1 0  |4 0  |6 303_490000000000000_BIN_2002_2002  |7 0  |8 A  |9 368080  |a BIBHIS  |b BIBHIS  |d 2019-11-21  |i 3913058  |o 303.49 BIN 2002 2002  |p 3913058  |r 2025-01-20  |w 2019-11-21  |y BK  |k HIS 
952 |0 0  |1 0  |4 0  |6 303_490000000000000_BIN_2002_2002  |7 0  |8 A  |9 368081  |a BIBHIS  |b BIBHIS  |d 2019-11-21  |i 4010779  |o 303.49 BIN 2002 2002  |p 4010779  |r 2025-01-20  |w 2019-11-21  |y BK  |k HIS